Ghosthunters and the Incredibly Revolting Ghost #1 ... Read More
Available copies
- 1 of 1 copy available at LARL/NWRL Consortium.
Current holds
0 current holds with 1 total copy.
Show All Copies
| Location | Call Number / Copy Notes | Barcode | Shelving Location | Status | Due Date |
|---|---|---|---|---|---|
| Greenbush Public Library | j pb (Text) | 35500004650527 | Main | Available | - |
Record details
- ISBN: 0439833086
- Physical Description: 135 p. : ill. ; 20 cm.
- Publisher: Frome, England : Chicken House ; 2007.
Content descriptions
| General Note: | Includes an excerpt from the author's Ghosthunters and the Gruesome Invincible Lightning Ghost! (p. ... Read More |
| Summary, etc.: | Timid nine-year-old Tom Tomsky reluctantly agrees ... Read More |
Search for related items by subject
| Subject: | Haunted houses > Juvenile fiction. |
| Genre: | Humorous stories. Ghost stories. |
Search for related items by series
| LDR | 01551nam a2200313Ia 4500 | ||
|---|---|---|---|
| 001 | 71677 | ||
| 003 | LARL_NWRL_CONSORTIUM | ||
| 005 | 20060918165648.0 | ||
| 008 | 060814s2007 enka j 000 1 eng d | ||
| 020 | . | ‡a0439833086 | |
| 035 | . | ‡a(OCoLC)70889209 | |
| 041 | 1 | . | ‡aeng ‡hger |
| 100 | 1 | . | ‡aFunke, Cornelia Caroline. ‡0(LARL_NWRL_CONSORTIUM)151855 |
| 245 | 1 | 0. | ‡aGhosthunters and the Incredibly Revolting Ghost ‡n#1 / ‡cby Cornelia Funke ; [translation by Helena Ragg-Kirby]. |
| 260 | . | ‡aFrome, England : ‡bChicken House ; ‡aNew York : ‡bScholastic, ‡c2007. | |
| 300 | . | ‡a135 p. : ‡bill. ; ‡c20 cm. | |
| 490 | 0 | . | ‡aGhosthunters ; ‡v1 |
| 500 | . | ‡aIncludes an excerpt from the author's Ghosthunters and the Gruesome Invincible Lightning Ghost! (p. [129]-135). | |
| 520 | . | ‡aTimid nine-year-old Tom Tomsky reluctantly agrees to help professional ghostbuster Hetty Camomile dispel an IRG (Incredibly Revolting Ghost) from an old house. | |
| 650 | 0. | ‡aHaunted houses ‡vJuvenile fiction. | |
| 655 | 0. | ‡aHumorous stories. | |
| 655 | 7. | ‡aGhost stories. ‡2gsafd | |
| 901 | . | ‡a71677 ‡bOCLC ‡c71677 ‡tbiblio | |

Add to basket
Permalink
Disable Highlighting